00582nam a2200181Ia 4500003000900000008004100009020001800050040001600068080001700084100001800101245011700119260004000236300001500276490005400291650001400345650002600359700001500385IN-BaIIA211028s9999 xx 000 0 eng d a0-471-97042-5 cIIA Library a524.834bBER aBergstrom, L. 0aCosmology and particle astrophysicscL. Bergstrom and Goobar, A.  aChichesterbJohn Wiley & Sonsc1999 axii, 344p. aWiley-Praxis series in astronomy and astrophysics aCosmology aParticle astrophysics aGoobar, A.